[Event "Nordstrand CC-ch"]
[Site "Oslo"]
[Date "2015.03.19"]
[Round "7"]
[White "Moseng, Geir"]
[Black "Gyldenas, Ole Jorn"]
[Result "0-1"]
[WhiteElo "2014"]
[BlackElo "1960"]
[PlyCount "106"]
[EventDate "2014.12.01"]
[EventType "tourn"]
[EventRounds "11"]
[EventCountry "NOR"]
[SourceTitle "EXT 2018"]
[Source "ChessBase"]
[SourceDate "2017.10.13"]
[SourceVersion "1"]
[SourceVersionDate "2017.10.13"]
[SourceQuality "1"]

1. c4 c5 2. g3 Nc6 3. Bg2 g6 4. Nc3 Bg7 5. Nf3 e5 6. 0-0 Nge7 7. a3 0-0 8. Rb1 a5 9. Ne1 d6 10. Nc2 Rb8 11. Ne3 Be6 12. Ned5 f5 13. d3 h6 14. Bd2 Kh7 15. b4 axb4 16. axb4 cxb4 17. Nxb4 Nxb4 18. Rxb4 d5 19. cxd5 Nxd5 20. Nxd5 Bxd5 21. Bxd5 Qxd5 22. Qb1 b5 23. Rc1 Rf7 24. Rc2 Bf8 25. Rb3 Rfb7 26. Bb4 Bxb4 27. Rxb4 Ra8 28. Rcb2 Rab8 29. R2b3 Rb6 30. Qb2 Qc5 31. d4 exd4 32. Rxd4 R6b7 33. Rbd3 Re8 34. h4 h5 35. Rd7+ Rxd7 36. Rxd7+ Re7 37. Rd8 Qe5 38. Qa2 Qg7 39. Rd5 Rb7 40. Qb1 b4 41. e4 Qf7 42. Ra5 f4 43. Rg5 fxg3 44. fxg3 b3 45. e5 b2 46. g4 Rb4 47. Rxh5+ Kg7 48. Rg5 Qa7+ 49. Kg2 Qb7+ 50. Kh2 Qe4 51. Qd1 Rd4 52. Rxg6+ Kxg6 53. h5+ Kg5 0-1

[Event "Reykjavik op"]
[Site "Reykjavik"]
[Date "2015.03.17"]
[Round "9"]
[White "Haessel, Dale R"]
[Black "Gyldenas, Ole Jorn"]
[Result "1-0"]
[WhiteElo "2174"]
[BlackElo "1969"]
[PlyCount "59"]
[EventDate "2015.03.10"]
[EventType "swiss"]
[EventRounds "10"]
[EventCountry "ISL"]
[SourceTitle "CBM 165 Extra"]
[Source "ChessBase"]
[SourceDate "2015.04.21"]
[SourceVersion "1"]
[SourceVersionDate "2015.04.21"]
[SourceQuality "1"]

1. d4 Nf6 2. c4 e6 3. Nf3 b6 4. a3 Bb7 5. Nc3 d5 6. Bg5 Be7 7. e3 0-0 8. Rc1 Nbd7 9. cxd5 exd5 10. Be2 h6 11. Bf4 c6 12. 0-0 Nh5 13. Be5 g6 14. Qa4 a5 15. Rfd1 Re8 16. e4 b5 17. Qb3 Bg5 18. Nxg5 Qxg5 19. exd5 Nxe5 20. dxe5 Rxe5 21. Bf3 Rae8 22. g3 cxd5 23. Nxb5 Ba6 24. h4 Qf6 25. Nc7 Rf8 26. Nxa6 Qxa6 27. Bxd5 Nf6 28. Rc6 Qe2 29. Rxf6 Kg7 30. Qf3 1-0

[Event "Reykjavik op"]
[Site "Reykjavik"]
[Date "2015.03.13"]
[Round "5"]
[White "Gyldenas, Ole Jorn"]
[Black "Ptacnikova, Lenka"]
[Result "0-1"]
[WhiteElo "1969"]
[BlackElo "2242"]
[PlyCount "104"]
[EventDate "2015.03.10"]
[EventType "swiss"]
[EventRounds "10"]
[EventCountry "ISL"]
[SourceTitle "CBM 165 Extra"]
[Source "ChessBase"]
[SourceDate "2015.04.21"]
[SourceVersion "1"]
[SourceVersionDate "2015.04.21"]
[SourceQuality "1"]

1. Nf3 b5 2. d4 Bb7 3. g3 Nf6 4. Bg2 e6 5. 0-0 Be7 6. Bg5 h6 7. Bxf6 Bxf6 8. c3 0-0 9. Nbd2 d6 10. a4 a6 11. axb5 axb5 12. Qb3 Qd7 13. Rxa8 Bxa8 14. Ra1 Bb7 15. Ra5 Ba6 16. Qa2 Qc8 17. e3 Bd8 18. Qb3 c5 19. Ra1 c4 20. Qa3 d5 21. e4 Bb7 22. Qb4 Qc6 23. Ne5 Qb6 24. exd5 Bxd5 25. Bxd5 exd5 26. Ra8 Re8 27. Qc5 Qxc5 28. dxc5 Bc7 29. Ndf3 Kf8 30. Ng4 Nd7 31. Ra7 Rc8 32. c6 Nc5 33. Ne3 Bb6 34. Ra1 Na4 35. Nxd5 Rxc6 36. Ne5 Rd6 37. Nxb6 Nxb6 38. Ra7 f6 39. Nf3 Na4 40. Nd4 Nxb2 41. Rb7 Nd1 42. Nxb5 Rd2 43. f4 Rb2 44. Nd6 Rxb7 45. Nxb7 Ke7 46. Na5 Nb2 47. Kf2 Ke6 48. Ke3 Kd5 49. Nb7 Nd1+ 50. Kd2 Nf2 51. Na5 Ne4+ 52. Kc2 Nd6 0-1

[Event "Reykjavik op"]
[Site "Reykjavik"]
[Date "2015.03.11"]
[Round "2"]
[White "Palmeri, Ralph P"]
[Black "Gyldenas, Ole Jorn"]
[Result "0-1"]
[WhiteElo "1642"]
[BlackElo "1969"]
[PlyCount "92"]
[EventDate "2015.03.10"]
[EventType "swiss"]
[EventRounds "10"]
[EventCountry "ISL"]
[SourceTitle "CBM 165 Extra"]
[Source "ChessBase"]
[SourceDate "2015.04.21"]
[SourceVersion "1"]
[SourceVersionDate "2015.04.21"]
[SourceQuality "1"]

1. d4 d5 2. Nf3 Nf6 3. g3 Nc6 4. Bg2 Bg4 5. c3 Bxf3 6. exf3 g6 7. Nd2 Bg7 8. Nf1 0-0 9. Ne3 e6 10. Bd2 e5 11. dxe5 Nxe5 12. Qc2 c5 13. Rd1 d4 14. Ng4 Nexg4 15. fxg4 Qe7+ 16. Kf1 Nxg4 17. h3 Ne5 18. cxd4 cxd4 19. Re1 Qd7 20. Qb3 Nc6 21. Bf3 h6 22. Kg2 Rad8 23. Be4 Kh7 24. Kh2 f5 25. Bb1 Rfe8 26. Bd3 a6 27. Bf4 Kh8 28. h4 Ne5 29. Bxe5 Bxe5 30. Rd1 Kg7 31. Rd2 f4 32. Rg1 f3 33. Re1 b5 34. Rc1 Qg4 35. a4 Qxh4+ 36. Kg1 Bxg3 37. fxg3 Qxg3+ 38. Kf1 Qh3+ 39. Kg1 Qg3+ 40. Kf1 Qh3+ 41. Kg1 Re5 42. Rc7+ Rd7 43. Rxd7+ Qxd7 44. Bf1 Qg4+ 45. Kf2 Re2+ 46. Bxe2 Qg2+ 0-1

[Event "Oslo Nordstrand op"]
[Site "Oslo"]
[Date "2013.04.14"]
[Round "4"]
[White "Kvisla, Johannes Luangtep"]
[Black "Gyldenas, Ole Jorn"]
[Result "1-0"]
[WhiteElo "2220"]
[BlackElo "2018"]
[PlyCount "107"]
[EventDate "2013.04.12"]
[EventType "swiss"]
[EventRounds "5"]
[EventCountry "NOR"]
[SourceTitle "EXT 2015"]
[Source "ChessBase"]
[SourceDate "2014.11.20"]
[SourceVersion "1"]
[SourceVersionDate "2014.11.20"]
[SourceQuality "1"]

1. e4 e6 2. d3 c5 3. Nf3 Nc6 4. c3 g6 5. Be2 Bg7 6. Be3 d6 7. d4 cxd4 8. Nxd4 Nge7 9. Nb5 d5 10. exd5 exd5 11. 0-0 0-0 12. Qd2 Re8 13. Bf4 Ne5 14. N1a3 N7c6 15. Nc2 a6 16. Nbd4 Be6 17. Nxe6 Rxe6 18. Bxe5 Rxe5 19. Bf3 Qd7 20. Rad1 Rd8 21. Ne3 Bh6 22. Rfe1 d4 23. Bxc6 Qxc6 24. cxd4 Rh5 25. g3 Qd7 26. Qe2 Bxe3 27. fxe3 Rd5 28. Rc1 Re8 29. Qf2 Qe6 30. e4 Rb5 31. b3 Qd6 32. e5 Qd5 33. Rf1 Rb4 34. Rcd1 a5 35. Qf3 Rd8 36. Qxd5 Rxd5 37. Rf4 a4 38. Rd3 a3 39. Kf2 Kg7 40. Ke3 h6 41. Rf2 Rb6 42. Rc2 Rd7 43. d5 Ra6 44. Ke4 Ra8 45. d6 b5 46. b4 Ra4 47. Rd4 Raa7 48. Rc5 Rab7 49. Kd5 g5 50. g4 Kg6 51. Rd3 Rb6 52. Rc6 Rb8 53. Rc7 Rdd8 54. Rxa3 1-0

[Event "Oslo Nordstrand GP A"]
[Site "Oslo"]
[Date "2012.04.21"]
[Round "2"]
[White "Djurhuus, Rune"]
[Black "Gyldenas, Ole Jorn"]
[Result "1-0"]
[WhiteElo "2421"]
[BlackElo "1917"]
[PlyCount "71"]
[EventDate "2012.04.20"]
[EventType "swiss"]
[EventRounds "5"]
[EventCountry "NOR"]
[SourceTitle "EXT 2023"]
[Source "ChessBase"]
[SourceDate "2022.10.05"]
[SourceVersion "1"]
[SourceVersionDate "2022.10.05"]
[SourceQuality "1"]

1. d4 e6 2. e4 d5 3. Nc3 Bb4 4. Qd3 dxe4 5. Qxe4 Nf6 6. Qh4 Qd5 7. Nge2 Qe4 8. Qg3 0-0 9. a3 Bxc3+ 10. Qxc3 Bd7 11. f3 Qc6 12. Qxc6 Bxc6 13. c4 Nbd7 14. Nc3 b6 15. Bg5 Bb7 16. 0-0-0 h6 17. Bh4 g5 18. Bg3 Rfc8 19. h4 Nh5 20. Bh2 gxh4 21. Nb5 a6 22. Nxc7 Ra7 23. d5 exd5 24. cxd5 Kg7 25. d6 Kf6 26. Bg1 Ng3 27. Rxh4 Nxf1 28. Rxf1 Kg5 29. Rg4+ Kf5 30. Bd4 h5 31. Rg7 Bd5 32. Rh1 Nf6 33. Kd2 Bb3 34. g4+ hxg4 35. fxg4+ Nxg4 36. Rf1+ 1-0

[Event "Oslo Nordstrand GP A"]
[Site "Oslo"]
[Date "2012.04.20"]
[Round "1"]
[White "Gyldenas, Ole Jorn"]
[Black "Haug, Johannes"]
[Result "1-0"]
[WhiteElo "1917"]
[BlackElo "1874"]
[PlyCount "41"]
[EventDate "2012.04.20"]
[EventType "swiss"]
[EventRounds "5"]
[EventCountry "NOR"]
[SourceTitle "EXT 2023"]
[Source "ChessBase"]
[SourceDate "2022.10.05"]
[SourceVersion "1"]
[SourceVersionDate "2022.10.05"]
[SourceQuality "1"]

1. d4 Nf6 2. c4 g6 3. Nf3 Bg7 4. g3 0-0 5. Bg2 d5 6. cxd5 Nxd5 7. e4 Nb6 8. 0-0 Nc6 9. d5 Na5 10. Nc3 c6 11. Be3 cxd5 12. Bxb6 axb6 13. exd5 Nc4 14. Qb3 Bxc3 15. Qxc3 Qxd5 16. Nd4 Qc5 17. b4 Qc7 18. Rfc1 b5 19. Nxb5 Qe5 20. Qxc4 Be6 21. Qc5 1-0

[Event "Fagernes Norsk op-A"]
[Site "Fagernes"]
[Date "2011.04.17"]
[Round "2"]
[White "Mikalsen, Erlend"]
[Black "Gyldenas, Ole Jorn"]
[Result "1-0"]
[WhiteElo "1981"]
[BlackElo "2053"]
[PlyCount "59"]
[EventDate "2011.04.17"]
[EventType "swiss"]
[EventRounds "9"]
[EventCountry "NOR"]
[SourceTitle "CBM 141 Extra"]
[Source "ChessBase"]
[SourceDate "2011.05.03"]
[SourceVersion "1"]
[SourceVersionDate "2011.05.03"]
[SourceQuality "1"]

1. e4 c5 2. Nf3 Nc6 3. d4 cxd4 4. Nxd4 Nf6 5. Nc3 e5 6. Ndb5 d6 7. Bg5 Be7 8. Bxf6 gxf6 9. Nd5 0-0 10. Nxe7+ Qxe7 11. Qxd6 Rd8 12. Qxe7 Nxe7 13. Bd3 f5 14. 0-0-0 a6 15. Nc3 Be6 16. exf5 Bxf5 17. Be4 Bxe4 18. Nxe4 f5 19. Nc5 Kf7 20. Nxb7 Rg8 21. g3 h5 22. Rd7 h4 23. Rhd1 hxg3 24. hxg3 Rh8 25. Nd8+ Ke8 26. Ne6 Kf7 27. R1d6 Rh2 28. Nc7 Rah8 29. Re6 Rxf2 30. Rdxe7+ 1-0

[Event "NOR-chT Clubs"]
[Site "Drammen"]
[Date "2010.10.08"]
[Round "1.84"]
[White "Gyldenas, Ole Jorn"]
[Black "Furnes, Torstein"]
[Result "1-0"]
[WhiteElo "1917"]
[BlackElo "1551"]
[PlyCount "67"]
[EventDate "2010.10.08"]
[EventType "team"]
[EventRounds "6"]
[EventCountry "NOR"]
[SourceTitle "EXT 2015"]
[Source "ChessBase"]
[SourceDate "2014.11.20"]
[SourceVersion "1"]
[SourceVersionDate "2014.11.20"]
[SourceQuality "1"]
[WhiteTeam "Nordstrand"]
[BlackTeam "Follo"]
[WhiteTeamCountry "NOR"]
[BlackTeamCountry "NOR"]

1. d4 d5 2. Nf3 Nf6 3. g3 Bg4 4. Bg2 e6 5. 0-0 Be7 6. c4 c6 7. Ne5 Bf5 8. Nc3 0-0 9. f3 Nbd7 10. e4 dxe4 11. fxe4 Nxe5 12. exf5 Nxc4 13. fxe6 fxe6 14. Bh3 Nd5 15. Bxe6+ Kh8 16. Nxd5 cxd5 17. Rxf8+ Bxf8 18. Qf3 Nb6 19. Qf7 Be7 20. Bf4 Bf6 21. Rd1 Qe8 22. Bxd5 Qe2 23. Rd2 Qe1+ 24. Kg2 Re8 25. Bf3 Nc8 26. Kh3 b6 27. Be5 Rg8 28. Re2 Qf1+ 29. Kg4 Bxe5 30. dxe5 Qc1 31. e6 Nd6 32. Qf4 Qc8 33. Kh3 Qe8 34. Qxd6 1-0

[Event "Gjovik op"]
[Site "Gjovik"]
[Date "2009.01.07"]
[Round "9"]
[White "Gyldenas, Ole Jorn"]
[Black "Savchenko, Yuri2222"]
[Result "1-0"]
[WhiteElo "2075"]
[BlackElo "2648"]
[PlyCount "133"]
[EventDate "2008.12.29"]
[EventType "swiss"]
[EventRounds "9"]
[EventCountry "NOR"]
[SourceTitle "CBM 130 Extra"]
[Source "ChessBase"]
[SourceDate "2009.07.02"]
[SourceVersion "2"]
[SourceVersionDate "2009.07.15"]
[SourceQuality "1"]

1. d4 Nf6 2. Nf3 d5 3. g3 g6 4. Bg2 Bg7 5. 0-0 0-0 6. c4 e6 7. Qc2 c6 8. b3 Nbd7 9. Bb2 Ne4 10. Nfd2 f5 11. f3 Nd6 12. e4 f4 13. Bh3 dxe4 14. Bxe6+ Kh8 15. fxe4 fxg3 16. hxg3 Qg5 17. Kg2 Nf6 18. Nf3 Ng4 19. Bc1 Qe7 20. Bxc8 Raxc8 21. Nc3 Rce8 22. e5 Nf5 23. Qe4 h5 24. Bg5 Qa3 25. Rab1 c5 26. Nh4 Nxh4+ 27. gxh4 cxd4 28. Qxg6 dxc3 29. Qxh5+ Kg8 30. Qxg4 Rxe5 31. Bh6 Re7 32. Rxf8+ Kxf8 33. Rf1+ Kg8 34. Kh1 Qd6 35. Bxg7 Qc6+ 36. Qf3 Kxg7 37. Qxc6 bxc6 38. Rc1 Re3 39. Kg1 Kh6 40. Kg2 c5 41. Kf2 Rh3 42. Ke2 Kh5 43. Kd1 Kxh4 44. Kc2 Rh2+ 45. Kxc3 Rxa2 46. Re1 Kg4 47. Rf1 Ra5 48. Kd3 Ra3 49. Ke4 Rxb3 50. Rg1+ Rg3 51. Ra1 Kg5 52. Kd5 Kf6 53. Rxa7 Rc3 54. Rc7 Rc1 55. Rh7 Rg1 56. Kxc5 Ke5 57. Re7+ Kf6 58. Re2 Rb1 59. Kc6 Rc1 60. c5 Rd1 61. Kc7 Kf7 62. c6 Rb1 63. Kc8 Rc1 64. c7 Rb1 65. Ra2 Ke7 66. Ra7 Rh1 67. Kb8 1-0